00849cam a2200277 a 4500001000500000005001700005020001500022020001800037040002300055050002100078082001100099100002100110245007800131250003800209260004700247300004700294490002900341505000800370520006400378521002000442521002000462650002000482650001300502650002100515700003500536314520240214093533.0 a0060277130 a9780064442732 aDLCcDLCdDLCbeng00aPZ8.3.C66b 199800a811.541 aCohen, Caron Lee10aHow many fish? /cstory by Cohen, Lee Cohen; pictures by Schindler, S.D. aFirst Harper Trophy edition. 2000 aNew York :bHarperCollinsPublishers,c1998 a25 pages : bcolor illustrations ;c22 cm.0 aMy first I can read book aC  aA school of fish and a group of children frolic in the bay. a150 bLexile  aC bRaz-Plus  1aFishesvFiction 1aCounting 1aStories in rhyme1 aSchindler, S. D.eillustrator